000 00699nam a2200229 4500
003 OSt
005 20240718083038.0
006 a
008 240718b |||||||| |||| 00| 0 eng d
020 _a1405122544
040 _aDWCL-Main lib.
_cOC
082 _aCirc. 155.4 D489 2003
245 _aThe development of executive function in early childhood /
260 _aBoston :
_bBlackwell Pub.,
_cc2003.
300 _aviii,
_b155 p. : ill. ;
_c23 cm.
504 _aIncludes bibliographical references.
650 _a1. Personality development.
650 _a2. Developmental psychology.
650 _a3. Child psychology.
700 _aPhilip David Zelazo
942 _2ddc
_n0
_cBK-CIRC
_kCirc.
999 _c2398
_d2398